MARC

LEADER 00000nam0a2200000 4500
001 282528
005 20231101235516.0
020 |a RU  |b 84-78361 
035 |a (RuTPU)RU\TPU\book\306446 
090 |a 282528 
100 |a 20150131d1984 m a0rusy5003 ca 
101 0 |a rus 
102 |a RU 
105 |a a j 001zy 
200 1 |a Технология сварки и резки металлов взрывом  |e учебное пособие  |f А. П. Соннов  |g Волгоградский политехнический институт 
210 |a Волгоград  |c Изд-во ВолгПИ  |d 1984 
215 |a 70 с.  |c ил. 
320 |a Библиогр.: с. 66-69 
606 1 |a Сварка энергией взрыва  |2 stltpush  |3 (RuTPU)RU\TPU\subj\53950  |9 72114 
610 1 |a схемы 
610 1 |a параметры 
610 1 |a металлы 
610 1 |a поведение 
610 1 |a технологические особенности 
610 1 |a резка взрывом 
610 1 |a физические основы 
610 1 |a учебные пособия 
675 |a 621.791.13(075.8)  |z rus  |v 4 
700 1 |a Соннов  |b А. П.  |g Александр Петрович  |4 070 
712 0 2 |a Волгоградский политехнический институт  |2 stltpush  |3 (RuTPU)RU\TPU\col\4581  |9 23999 
801 0 |a RU  |b RuMRKP  |c 19950704  |g psbo 
801 1 |a RU  |b 63413507  |c 20150131 
801 2 |a RU  |b 63413507  |c 20170802  |g RCR 
942 |c BK